Idris : (Record no. 89663)

MARC details
000 -LEADER
fixed length control field 00896nam a22002537a 4500
005 - DATE AND TIME OF LATEST TRANSACTION
control field 20170810160953.0
010 ## - LCCN (DPL NO)
LC control number BAC-EN21 ENG-111988
020 ## - INTERNATIONAL STANDARD BOOK NUMBER
International Standard Book Number 9789350297810
Terms of availability 599.00
035 ## - SYSTEM CONTROL NUMBER
System control number EN-95520
035 ## - SYSTEM CONTROL NUMBER
System control number B-581993-005
035 ## - SYSTEM CONTROL NUMBER
System control number B-666158
037 ## - SOURCE OF ACQUISITION
Source of stock number/acquisition Pragati/ven
Stock number dpl
037 ## - SOURCE OF ACQUISITION
Source of stock number/acquisition DABD/PUB
082 ## - DEWEY DECIMAL CLASSIFICATION NUMBER
Classification number N
100 ## - MAIN ENTRY--PERSONAL NAME
Personal name Nair, Anita
245 ## - TITLE STATEMENT
Title Idris :
Remainder of title keeper of the light /
Statement of responsibility, etc by Anita Nair
260 ## - PUBLICATION, DISTRIBUTION, ETC. (IMPRINT)
Place of publication, distribution, etc Noida
Name of publisher, distributor, etc Fourth Estate (an imprint of Harper Collins Publishers)
Date of publication, distribution, etc 2014
270 ## - ADDRESS
Address A-53, Sector 57
City Noida
Postal code 201301
300 ## - PHYSICAL DESCRIPTION
Extent 379p.
Dimensions 22cm(Hb)
500 ## - GENERAL NOTE
General note Includes bibliographical references
942 ## - ADDED ENTRY ELEMENTS (KOHA)
Source of classification or shelving scheme Dewey Decimal Classification
Item type English Books
Call number suffix NAI
Classification part N
Holdings
Withdrawn status Lost status Not for loan Collection code Home library Current library Date acquired Source of acquisition Cost, normal purchase price Full call number Barcode Copy number Cost, replacement price Koha item type
      Fiction Ashok Vihar Ashok Vihar 10/08/2017 BPPD/EN/2014-15/AV/16-17/429/15.02.2017/562/28.02.2017/10.03.2017 599.00 N NAI B-666158 1 599.00 English Books
      Fiction Bawana Bawana 12/02/2015 Pragati pub/52/17.12.2014/184/08.12.2014/30.12.2014 599.00 N NAI B-582005 1 599.00 English Books
      Fiction Central Jail Tihar Central Jail Tihar 12/02/2015 Pragati pub/52/17.12.2014/184/08.12.2014/30.12.2014 599.00 N NAI B-581999 1 599.00 English Books
      Fiction Central Library Central Library 12/02/2015 Pragati pub/52/17.12.2014/184/08.12.2014/30.12.2014 599.00 N NAI B-581993 1 599.00 English Books
    Not For Loan Reference Central Library Central Library 12/02/2015 Pragati pub/52/17.12.2014/184/08.12.2014/30.12.2014 599.00 N NAI B-581994 1 599.00 English Books
    Not For Loan Fiction D.B.Act.Division D.B.Act.Division 29/01/2015 DBAD / PUB 599.00 N NAI EN-95520 1 599.00 English Books
      Fiction Diz Area Diz Area 12/02/2015 Pragati pub/52/17.12.2014/184/08.12.2014/30.12.2014 599.00 N NAI B-582000 1 599.00 English Books
      Fiction Janak Puri Janak Puri 12/02/2015 Pragati pub/52/17.12.2014/184/08.12.2014/30.12.2014 599.00 N NAI B-582001 1 599.00 English Books
      Fiction Karol Bagh Karol Bagh 12/02/2015 Pragati pub/52/17.12.2014/184/08.12.2014/30.12.2014 599.00 N NAI B-582003 1 599.00 English Books
      Fiction Kasturba Gandhi Marg Kasturba Gandhi Marg 12/02/2015 Pragati pub/52/17.12.2014/184/08.12.2014/30.12.2014 599.00 N NAI B-581996 1 599.00 English Books
      Fiction Narela Narela 12/02/2015 Pragati pub/52/17.12.2014/184/08.12.2014/30.12.2014 599.00 N NAI B-582004 1 599.00 English Books
      Fiction Patel Nagar Patel Nagar 12/02/2015 Pragati pub/52/17.12.2014/184/08.12.2014/30.12.2014 599.00 N NAI B-581995 1 599.00 English Books
      Fiction Peshwa Road Peshwa Road 12/02/2015 Pragati pub/52/17.12.2014/184/08.12.2014/30.12.2014 599.00 N NAI B-581997 1 599.00 English Books
      Fiction Sarojini Nagar Sarojini Nagar 12/02/2015 Pragati pub/52/17.12.2014/184/08.12.2014/30.12.2014 599.00 N NAI B-582002 1 599.00 English Books
      Fiction Tri Nagar Tri Nagar 12/02/2015 Pragati pub/52/17.12.2014/184/08.12.2014/30.12.2014 599.00 N NAI B-581998 1 599.00 English Books

© Delhi Public Library
Hit Counter
free hit counter